Narraciones del viaje por la Cordillera de los Andes y residencia en Lima y otras partes del Perú en los años 1823 y 1824. Traducción y prólogo de Carlos A. Aldao
Salvato in:
| Autore principale: | |
|---|---|
| Natura: | Libro |
| Lingua: | spagnolo |
| Pubblicazione: |
Buenos Aires
Vaccaro
1920
|
| Edizione: | 1a. ed |
| Soggetti: | |
| Tags: |
Aggiungi Tag
Nessun Tag, puoi essere il primo ad aggiungerne!!
|
MARC
| LEADER | 00000nam a2200000 a 4500 | ||
|---|---|---|---|
| 001 | UCJ5529 | ||
| 003 | CL-VaPUC | ||
| 008 | 070124e19200000AG |||||||||||||||||spa|d | ||
| 082 | 0 | 4 | |a 910.4 |b PRO |2 21 |
| 100 | 0 | |a Proctor, Roberto |e author |9 510785 | |
| 245 | 1 | 0 | |a Narraciones del viaje por la Cordillera de los Andes y residencia en Lima y otras partes del Perú en los años 1823 y 1824. Traducción y prólogo de Carlos A. Aldao |
| 250 | |a 1a. ed | ||
| 300 | |a 238 p | ||
| 942 | |c BK | ||
| 945 | |d 20070124 00:00:00 |a rinostro | ||
| 260 | |a Buenos Aires |b Vaccaro |c 1920 | ||
| 600 | 0 | 7 | |a CORDILLERA DE LOS ANDES |2 CL-VaPUC |9 357907 |
| 650 | 0 | |a Viajes |9 257115 | |
| 650 | 0 | |a Geografía física |9 259347 | |
| 650 | 0 | |a Antropología cultural y social |9 265143 | |
| 650 | 0 | |a Flora y fauna |9 338564 | |
| 650 | 0 | |a Aborígenes |9 329972 | |
| 650 | 0 | |a Terremotos |9 267728 | |
| 650 | 0 | |a Inquisición (Iglesia Católica) |9 258578 | |
| 650 | 0 | |a Guerra de la independencia |9 331979 | |
| 650 | 7 | |a MONTONERAS |2 CL-VaPUC |9 504218 | |
| 651 | 7 | |a CHILE |2 CL-VaPUC |9 510786 | |
| 651 | 0 | |a Argentina |9 254888 | |
| 651 | 0 | |a Perú |9 256567 | |
| 583 | |a last modification |c 20131003 04:53:18 |k Rodrigo Vera | ||
| 999 | |c 321638 |d 321636 | ||
| 952 | |0 0 |1 0 |4 0 |6 910_400000000000000_PRO_1920 |7 0 |8 X |9 400436 |a FDOBUD |b FDOBUD |d 2019-11-22 |i 1035924 |o 910.4 PRO 1920 |p 1035924 |r 2019-11-22 |w 2019-11-22 |y BK_X |k BUD | ||